How humans evolved /
This book is about: How evolution works; Primate behavior and ecology; The history of the human linear; Evolution and modern humans; ..
Guardado en:
| Autor principal: | |
|---|---|
| Otros Autores: | |
| Formato: | Libro |
| Lenguaje: | English |
| Publicado: |
New York :
W. W. Norton,
1997.
|
| Materias: | |
| Etiquetas: |
Agregar Etiqueta
Sin Etiquetas, Sea el primero en etiquetar este registro!
|
| Thư viện lưu trữ: | Mạng thư viện Đại học Đà Nẵng |
|---|
| LEADER | 00994cam a2200337 i 4500 | ||
|---|---|---|---|
| 001 | 000048659 | ||
| 003 | 8381 | ||
| 005 | 20030318143520.0 | ||
| 008 | 010324|1997 vm 000 eng | ||
| 020 | |a 0393970760 | ||
| 040 | |a IRC |c IRC |d IRC | ||
| 041 | 0 | |a eng | |
| 082 | 1 | 4 | |a 599.938 |b BO-R |
| 100 | 1 | |a Boyd, Robert. | |
| 245 | 0 | 0 | |a How humans evolved / |c Robert Boyd, Joan B. Silk. |
| 260 | |a New York : |b W. W. Norton, |c 1997. | ||
| 300 | |a 1 v. (various pagings) : |b ill. (some col.), col. maps ; |c 25.5cm. | ||
| 520 | 3 | |a This book is about: How evolution works; Primate behavior and ecology; The history of the human linear; Evolution and modern humans; .. | |
| 630 | 0 | 4 | |a Human evolution. |
| 650 | 0 | 4 | |a Human evolution. |
| 700 | 1 | |a Silk, Joan B. | |
| OWN | |a DUT | ||
| 999 | |a From the UDN01 | ||
| TYP | |a Monograph | ||
| TYP | |a Printed language | ||
| 980 | |a Mạng thư viện Đại học Đà Nẵng | ||


